000 01974cam0 2200361 ib4500
001 BY-VI0020-br303721
005 20260119160153.0
010 ^a978-5-17-100763-8
^bв переплете
100 ^a20190321d2017 b||y0rusy50 ca
101 1 ^arus
^ceng
200 1 ^aМаугли. Сказки.
^e[сказки]
^fР. Киплинг
^g[перевод с английского Н. Дарузес и К. И. Чуковского, стихи в переводе С. Машрака]
^gрисунки Л. Каюкова, Е. Шумковой
210 ^aМосква
^cАСТ
^cМалыш
^d2017
215 ^a125, [2] с.
^cцв. ил.
^d27 см
225 1 ^aСамые лучшие сказки
606 ^aХУДОЖЕСТВЕННАЯ ЛИТЕРАТУРА
^3BY-NLB-ar37179
^2DVNLB
606 ^aЗАРУБЕЖНАЯ ЛИТЕРАТУРА
^3BY-NLB-ar10779
^2DVNLB
608 ^aДЕТСКАЯ И ЮНОШЕСКАЯ ЛИТЕРАТУРА (художеств. произведение)
^3BY-NLB-ar9019
^2BYGNR
608 ^aЛИТЕРАТУРНАЯ СКАЗКА
^3BY-NLB-ar16440
^2BYGNR
686 ^a84(4Вел)
^2rubbk
690 ^a1
^2Base
^9BY-MI0021
^xRSEK
700 1 ^aКиплинг
^bР.
^gРедьярд
^cписатель
^f1865—1936
^3BY-NLB-ar93512
702 1 ^aДарузес
^bН. Л.
^gНина Леонидовна
^cпереводчица
^f1899—1982
^3BY-SEK-ar1667645
^4730
702 1 ^aЧуковский
^bК. И.
^gКорней Иванович
^cписатель
^f1882—1969
^3BY-NLB-ar2359749
^4730
702 1 ^aМаршак
^bС. Я.
^gСамуил Яковлевич
^f1887—1964
^3BY-NLB-ar122307
^4730
702 1 ^aКаюков
^bЛ.
^3BY-SEK-223700
^4440
702 1 ^aШумкова
^bЕ. И.
^3BY-SEK-ar7957345
^4440
801 0 ^aBY
^bBY-VI0020
^c20190321
^gRCR
801 2 ^aBY
^bBY-MI0021
^c20260109
^gRCR
035 ^a(BY-MI0021)BY-VI0020-br303721
899 0 ^aBY-MI0021
^iК42
^h84(4Вел)